<?xml version="1.0" encoding="UTF-8"?><?xml-stylesheet type="text/xsl" href="static/style.xsl"?><OAI-PMH xmlns="http://www.openarchives.org/OAI/2.0/" xmlns:xsi="http://www.w3.org/2001/XMLSchema-instance" xsi:schemaLocation="http://www.openarchives.org/OAI/2.0/ http://www.openarchives.org/OAI/2.0/OAI-PMH.xsd"><responseDate>2026-04-27T20:23:06Z</responseDate><request verb="GetRecord" identifier="oai:uvadoc.uva.es:10324/3616" metadataPrefix="marc">https://uvadoc.uva.es/oai/request</request><GetRecord><record><header><identifier>oai:uvadoc.uva.es:10324/3616</identifier><datestamp>2021-06-23T11:47:07Z</datestamp><setSpec>com_10324_1182</setSpec><setSpec>com_10324_931</setSpec><setSpec>com_10324_894</setSpec><setSpec>col_10324_1961</setSpec></header><metadata><record xmlns="http://www.loc.gov/MARC21/slim" xmlns:doc="http://www.lyncode.com/xoai" xmlns:xsi="http://www.w3.org/2001/XMLSchema-instance" xmlns:dcterms="http://purl.org/dc/terms/" xsi:schemaLocation="http://www.loc.gov/MARC21/slim http://www.loc.gov/standards/marcxml/schema/MARC21slim.xsd">
<leader>00925njm 22002777a 4500</leader>
<datafield tag="042" ind1=" " ind2=" ">
<subfield code="a">dc</subfield>
</datafield>
<datafield tag="720" ind1=" " ind2=" ">
<subfield code="a">Sanz Mínguez, Carlos</subfield>
<subfield code="e">author</subfield>
</datafield>
<datafield tag="260" ind1=" " ind2=" ">
<subfield code="c">1989</subfield>
</datafield>
<datafield tag="520" ind1=" " ind2=" ">
<subfield code="a">Catálogo de la exposición realizada en Peñafiel en 1989, con los primeros hallazgos producidos en la necrópolis de Las Ruedas de Pintia.</subfield>
</datafield>
<datafield tag="024" ind2=" " ind1="8">
<subfield code="a">Sanz Mínguez, Carlos, San Miguel Maté, Luis Carlos, Carretero Vaquero, Santiago, Arranz Mínguez, Jesús Álvaro, Madrazo Martínez, Tomás. Padilla de Duero. Investigaciones arqueológicas. 1985-1989. Valladolid: Junta de Castilla y León, 1989.</subfield>
</datafield>
<datafield tag="024" ind2=" " ind1="8">
<subfield code="a">http://uvadoc.uva.es/handle/10324/3616</subfield>
</datafield>
<datafield ind1=" " ind2=" " tag="653">
<subfield code="a">Vacceos</subfield>
</datafield>
<datafield ind1=" " ind2=" " tag="653">
<subfield code="a">Yacimientos arqueológicos - Padilla de Duero (Valladolid)</subfield>
</datafield>
<datafield ind1=" " ind2=" " tag="653">
<subfield code="a">Necrópolis - España - Valladolid (Provincia)</subfield>
</datafield>
<datafield tag="245" ind1="0" ind2="0">
<subfield code="a">Padilla de Duero. Investigaciones arqueológicas 1985-1989</subfield>
</datafield>
</record></metadata></record></GetRecord></OAI-PMH>